000 00473nam a22001697a 4500
005 20251108165920.0
008 250721s1978 xx 000 0 ara d
082 1 4 _aق/زين
100 1 _aصادق، زينب
245 1 0 _aلا تسرق الأحلام /
264 1 _aالقاهرة :
_bمؤسسة روز اليوسف،
_c1978.
300 _a174ص
490 0 _aالكتاب الذهبي
650 1 7 _aالقصص العربية
942 _2ddc
_cBK
999 _c34700
_d34700